| 000 | 02147nam0a2200385 4500 | ||
|---|---|---|---|
| 001 | RU\NLR\bibl\858810 | ||
| 005 | 20260407123616.0 | ||
| 035 | _a(nilc)RSL-KNO-002565918 | ||
| 035 | _a(NLR Aleph) 000847512 | ||
| 090 |
_a1459125 _c1459125 |
||
| 100 | _a20040727d2004 |||y0rusy50 ca | ||
| 101 | 0 | _arus | |
| 102 | _aRU | ||
| 105 | _ay ||||||||| | ||
| 106 | _ar | ||
| 200 | 1 |
_aПроблемы преподавания экономики и менеджмента для студентов неэкономических специальностей _eматериалы науч.-практ. регион. конф., 12 мая 2004 г. _f[под ред. Н.Н. Колпакиди] |
|
| 210 |
_aИркутск _cИркут. гос. ун-т _d2004 _eРИО Иркутск. гос. ун-та |
||
| 215 |
_a51 с. _cил., табл. _d21 |
||
| 300 | _aВ надзаг.: М-во образования и науки Рос. Федерации, Иркут. гос. ун-т, Фак. сервиса и рекламы | ||
| 320 | _aБиблиогр. в конце докл. | ||
| 606 | 1 |
_aМенеджмент _jСборники _xМетодика преподавания _xВысшая школа _92163455 _3RU\NLR\auth\661301852 |
|
| 606 | 1 |
_aМенеджмент _jСъезды, совещания и т.п. _xПреподавание _xВысшая школа _92163452 _3RU\NLR\auth\661301851 |
|
| 606 | 1 |
_aЭкономика _jСборники _xМетодика преподавания _xВысшая школа _92074631 _3RU\NLR\auth\661249641 |
|
| 606 | 1 |
_aЭкономика _xПреподавание _xВысшая школа _91981204 _3RU\NLR\AUTH\661194902 |
|
| 686 | 1 | _aЧ486.96я431 | |
| 702 | 1 |
_aКолпакиди _bН. Н. _4340 |
|
| 712 | 0 | 2 |
_4570 _aИркутский государственный университет _bФакультет сервиса и рекламы _3RU\NLR\AUTH\8810073020 _9648126 |
| 801 | 0 |
_aRU _bRuMoRKP _c20040727 _grcr |
|
| 801 | 1 |
_aRU _bRuMoRGB _c20040727 |
|
| 801 | 2 |
_aRU _bNLR _c20051022 _grcr |
|
| 830 | _aред. не раскрыть | ||
| 942 | _cBOOK | ||
| 980 | _aNB | ||